| 000 | 00423 a2200133 4500 | ||
|---|---|---|---|
| 001 | ART_11067 | ||
| 005 | 20260410161849.0 | ||
| 008 | 260409a | ||
| 245 | 1 | 0 | _aFactores productivos de los gobiernos municipales de la provincia de Buenos Aires |
| 100 | 1 | _aGaregnani, Lorena | |
| 700 | 1 | _aBrambilla, Irene | |
| 700 | 1 | _aPorto, Natalia | |
| 773 | 0 |
_tEconómica _g- Año XLIV, Nº 3 (dic. 1998) _wREV7541 |
|
| 999 |
_c24877 _d24877 |
||